000 00955nam a2200241Ia 4500
003 OSt
005 20201006165556.0
008 191128s1971 mx gr 000 0 spa d
040 _aCO-JMCR
_cCO-JMCR
041 0 _aspa
082 0 4 _a657.45 /
_bL419p
_223
100 1 _aLawrence, Charles,
_eautor
_911304
245 1 0 _aProcedimientos de auditoria /
_cCharles Lawrence
250 _aPrimera edición
260 _aMéxico :
_bCentro regional de ayuda técnica,
_c1971.
300 _a119 páginas ;
_c22 cm.
490 0 _aContabilidad
500 _aIncluye bibliográfia.
505 0 _aLa auditoria profesional -- El proceso de auditoria -- Los papeles del trabajo del auditor -- La auditoria de inventario -- Otras situaciones de inventario -- Otras cuentas del activo -- Cuentas del pasivo y de capital -- Cuentas de ingresos y gastos
650 2 4 _aAuditoría en obligaciones financieras
_911305
650 2 4 _aAuditoría
_911306
942 _2ddc
_cBK
999 _c4427
_d4427